000 00400nam a2200145Ia 4500
008 151213s9999 xx 000 0 und d
100 _aArial Diver
245 _aMeasuring the Impact of Climate Change on Indian Agriculture
_cArial Diver
260 _aWashington D. C
_bWorld Bank
_c1998
300 _a2031 p.
650 _aAgricultural
650 _aScience
700 _aArial Diver
999 _c1488
_d1488